| 000 | 00526nam a22001697a 4500 | ||
|---|---|---|---|
| 008 | 230602b |||||||| |||| 00| 0 eng d | ||
| 040 |
_aNational Science Library _cNational Science Library |
||
| 080 |
_aR 31(035) _bK9 |
||
| 245 |
_aHandbook of statistics 1968-69 _c/ Indian Engineering Association |
||
| 250 | _a6th ed. | ||
| 260 |
_aNew Delhi: _bIndian Engineering Association, _c1969 |
||
| 300 | _a281p. | ||
| 365 |
_b18.00 _cINR |
||
| 650 | _aStatistics | ||
| 653 | _aEngineering industries | ||
| 942 |
_2udc _cHDK |
||
| 999 |
_c38736 _d38736 |
||